| 000 | 00506nam a2200169Ia 4500 | ||
|---|---|---|---|
| 003 | GCL | ||
| 008 | 140319s9999 xx 000 0 eng d | ||
| 040 |
_aGCL / _cGCL |
||
| 082 | 0 | 4 |
_a720.973 _bI F |
| 245 | 1 | 0 |
_aFENTRESS BRADBURN : _bSELECTED AND CURRENT WORKS |
| 260 |
_aاستراليا : _bIMAGES PUBLISHING |
||
| 300 |
_a32 CM ؛ _c256 P |
||
| 650 | 0 | 4 | _aARCHITECTURE, AMERICAN |
| 650 | 0 | 4 | _aARCHITECTURE, MODERN - 20th CENTURY - UNITED STATES |
| 650 | 0 | 4 | _aFENTRESS BRADBURN ( FIRM ) |
| 942 |
_2ddc _cBK |
||
| 999 |
_c5762 _d5762 |
||